<?xml version="1.0" encoding="UTF-8"?>
<record
    xmlns:xsi="http://www.w3.org/2001/XMLSchema-instance"
    xsi:schemaLocation="http://www.loc.gov/MARC21/slim http://www.loc.gov/standards/marcxml/schema/MARC21slim.xsd"
    xmlns="http://www.loc.gov/MARC21/slim">

  <leader>00554nam a2200217   4500</leader>
  <controlfield tag="005">20190206110047.0</controlfield>
  <controlfield tag="006">000</controlfield>
  <controlfield tag="007">000</controlfield>
  <controlfield tag="008">000</controlfield>
  <datafield tag="020" ind1=" " ind2=" ">
    <subfield code="a">0412557304</subfield>
  </datafield>
  <datafield tag="040" ind1=" " ind2=" ">
    <subfield code="a">UOEL</subfield>
  </datafield>
  <datafield tag="050" ind1=" " ind2=" ">
    <subfield code="a">SD 414 .G7</subfield>
    <subfield code="b">.P47 1993.</subfield>
  </datafield>
  <datafield tag="100" ind1=" " ind2=" ">
    <subfield code="a">Peterken, George F.</subfield>
  </datafield>
  <datafield tag="245" ind1=" " ind2=" ">
    <subfield code="a">Woodland Conservation and Management /</subfield>
    <subfield code="c">by George F. Peterken</subfield>
  </datafield>
  <datafield tag="250" ind1=" " ind2=" ">
    <subfield code="a">2nd ed.</subfield>
  </datafield>
  <datafield tag="260" ind1=" " ind2=" ">
    <subfield code="a">London .:</subfield>
    <subfield code="b">Chapman ;</subfield>
    <subfield code="c">c1993.</subfield>
  </datafield>
  <datafield tag="300" ind1=" " ind2=" ">
    <subfield code="a">x,374p .:</subfield>
    <subfield code="b">ill.</subfield>
  </datafield>
  <datafield tag="500" ind1=" " ind2=" ">
    <subfield code="a">includes, index.</subfield>
  </datafield>
  <datafield tag="650" ind1=" " ind2=" ">
    <subfield code="a">Woodland Conservation and Management</subfield>
    <subfield code="x">Forestry</subfield>
  </datafield>
  <datafield tag="942" ind1=" " ind2=" ">
    <subfield code="2">lcc</subfield>
    <subfield code="c">LL</subfield>
  </datafield>
  <datafield tag="999" ind1=" " ind2=" ">
    <subfield code="c">16632</subfield>
    <subfield code="d">16632</subfield>
  </datafield>
  <datafield tag="952" ind1=" " ind2=" ">
    <subfield code="0">0</subfield>
    <subfield code="1">0</subfield>
    <subfield code="2">lcc</subfield>
    <subfield code="4">0</subfield>
    <subfield code="7">0</subfield>
    <subfield code="a">UOE</subfield>
    <subfield code="b">UOE</subfield>
    <subfield code="c">GEN</subfield>
    <subfield code="d">2019-02-06</subfield>
    <subfield code="l">0</subfield>
    <subfield code="o">SD 414 .G7 .P47 1993.</subfield>
    <subfield code="p">20155448</subfield>
    <subfield code="r">2026-04-27 12:13:10</subfield>
    <subfield code="t">20155448</subfield>
    <subfield code="w">2019-02-06</subfield>
    <subfield code="y">LL</subfield>
  </datafield>
  <datafield tag="952" ind1=" " ind2=" ">
    <subfield code="0">0</subfield>
    <subfield code="1">0</subfield>
    <subfield code="2">lcc</subfield>
    <subfield code="4">0</subfield>
    <subfield code="7">0</subfield>
    <subfield code="a">UOE</subfield>
    <subfield code="b">UOE</subfield>
    <subfield code="c">GEN</subfield>
    <subfield code="d">2019-02-06</subfield>
    <subfield code="l">0</subfield>
    <subfield code="o">SD 414 .G7 .P47 1993.</subfield>
    <subfield code="p">20155451</subfield>
    <subfield code="r">2026-04-27 12:13:10</subfield>
    <subfield code="t">20155451</subfield>
    <subfield code="w">2019-02-06</subfield>
    <subfield code="y">LL</subfield>
  </datafield>
  <datafield tag="952" ind1=" " ind2=" ">
    <subfield code="0">0</subfield>
    <subfield code="1">0</subfield>
    <subfield code="2">lcc</subfield>
    <subfield code="4">0</subfield>
    <subfield code="7">0</subfield>
    <subfield code="a">UOE</subfield>
    <subfield code="b">UOE</subfield>
    <subfield code="c">GEN</subfield>
    <subfield code="d">2019-02-06</subfield>
    <subfield code="l">0</subfield>
    <subfield code="o">SD 414 .G7 .P47 1993.</subfield>
    <subfield code="p">20155449</subfield>
    <subfield code="r">2026-04-27 12:13:11</subfield>
    <subfield code="t">20155449</subfield>
    <subfield code="w">2019-02-06</subfield>
    <subfield code="y">LL</subfield>
  </datafield>
  <datafield tag="952" ind1=" " ind2=" ">
    <subfield code="0">0</subfield>
    <subfield code="1">0</subfield>
    <subfield code="2">lcc</subfield>
    <subfield code="4">0</subfield>
    <subfield code="7">0</subfield>
    <subfield code="a">UOE</subfield>
    <subfield code="b">UOE</subfield>
    <subfield code="c">GEN</subfield>
    <subfield code="d">2019-02-06</subfield>
    <subfield code="l">0</subfield>
    <subfield code="o">SD 414 .G7 .P47 1993.</subfield>
    <subfield code="p">20155450</subfield>
    <subfield code="r">2026-04-27 12:13:11</subfield>
    <subfield code="t">20155450</subfield>
    <subfield code="w">2019-02-06</subfield>
    <subfield code="y">LL</subfield>
  </datafield>
  <datafield tag="952" ind1=" " ind2=" ">
    <subfield code="0">0</subfield>
    <subfield code="1">0</subfield>
    <subfield code="2">lcc</subfield>
    <subfield code="4">0</subfield>
    <subfield code="7">0</subfield>
    <subfield code="a">UOE</subfield>
    <subfield code="b">UOE</subfield>
    <subfield code="c">GEN</subfield>
    <subfield code="d">2019-02-06</subfield>
    <subfield code="l">0</subfield>
    <subfield code="o">SD 414 .G7 .P47 1993.</subfield>
    <subfield code="p">20155447</subfield>
    <subfield code="r">2026-04-27 12:13:11</subfield>
    <subfield code="t">20155447</subfield>
    <subfield code="w">2019-02-06</subfield>
    <subfield code="y">LL</subfield>
  </datafield>
</record>
